| 000 -LEADER |
| fixed length control field |
00809nam a2200229Ia 4500 |
| 001 - CONTROL NUMBER |
| control field |
1968 |
| 003 - CONTROL NUMBER IDENTIFIER |
| control field |
GE_BSU |
| 005 - DATE AND TIME OF LATEST TRANSACTION |
| control field |
20221007112509.0 |
| 008 - FIXED-LENGTH DATA ELEMENTS--GENERAL INFORMATION |
| fixed length control field |
181216s2005ru xx |||||||||||||| ||rus|| |
| 040 ## - CATALOGING SOURCE |
| Transcribing agency |
GE_BSU |
| 041 ## - LANGUAGE CODE |
| Language code of text/sound track or separate title |
rus |
| 080 ## - UNIVERSAL DECIMAL CLASSIFICATION NUMBER |
| Universal Decimal Classification number |
347.73(075.8) П-18 |
| 100 ## - MAIN ENTRY--PERSONAL NAME |
| Personal name |
Парыгина, В.А. |
| 9 (RLIN) |
15130 |
| 245 ## - TITLE STATEMENT |
| Title |
Бюджетное право и процесс : |
| Remainder of title |
Учебники для вузов / |
| Statement of responsibility, etc. |
В.А. Парыгина, А.А. Тедеев. |
| 264 ## - PRODUCTION, PUBLICATION, DISTRIBUTION, MANUFACTURE, AND COPYRIGHT NOTICE |
| Place of production, publication, distribution, manufacture |
Москва : |
| Name of producer, publisher, distributor, manufacturer |
Эксмо, |
| Date of production, publication, distribution, manufacture, or copyright notice |
2005. |
| 300 ## - PHYSICAL DESCRIPTION |
| Extent |
384 стр. : |
| Other physical details |
21см. |
| 653 ## - INDEX TERM--UNCONTROLLED |
| keyword |
Бюджетное право и процесс |
| 653 ## - INDEX TERM--UNCONTROLLED |
| keyword |
ბიუჯეტის კანონი და პროცესი |
| 653 ## - INDEX TERM--UNCONTROLLED |
| keyword |
სამართალი |
| 700 ## - ADDED ENTRY--PERSONAL NAME |
| Personal name |
Тедеев,А.А. |
| 9 (RLIN) |
15131 |
| 942 ## - ADDED ENTRY ELEMENTS (KOHA) |
| Koha item type |
წიგნი |
| Source of classification or shelving scheme |
|